| 000 | 01110nam a22002777a 4500 | ||
|---|---|---|---|
| 999 |
_c5693 _d5693 |
||
| 003 | OSt | ||
| 005 | 20251015080308.0 | ||
| 008 | 251015b ||||| |||| 00| 0 eng d | ||
| 020 |
_a9781474927802 _qbook set |
||
| 040 | _cKH8 | ||
| 082 | _aFIC WEB | ||
| 100 |
_aWebb, Vivian, _eauthor. |
||
| 245 |
_aThe Amazing Adventures of Ulysses / _cretold by Vivian Webb and Heather Amery ; illustrated by Stephen Cartwright. |
||
| 260 |
_aEngland ; _bUsborne Publishing Ltd , _c2007. |
||
| 300 |
_a64 pages : _bcolor illustrations ; _c20 cm. |
||
| 490 |
_aUsborne Young Reading _vseries two |
||
| 520 | _aUlysses sets out to rescue a Greek princess and finds himself in a ten - year war. But that's only the start of his problems. On his way home, he runs into a one-eyed giant, a witch and a many-headed whirlpool monster... | ||
| 650 |
_aEasy reading _vfiction |
||
| 650 |
_aStory book _vfiction |
||
| 650 | _aYoung readers | ||
| 700 |
_aAmery, Heather , _eauthor. |
||
| 700 |
_aDaynes, Katie, _eadaptor. |
||
| 700 |
_aCartwright, Stephen, _eillustrator. |
||
| 830 | _aUsborne Young Reading | ||
| 942 |
_2ddc _cFIC |
||